Southville International School and Colleges
Your cart is empty.
  • Cart
  • Lists
    Public lists Eva Luna New books Lux_list list_1
    Your lists Log in to create your own lists
  • Log in to your account
  • Your cookies
  • Search history
Southville International School and Colleges
  • Advanced search
  • Recent comments
  • Most popular
  • Libraries

Log in to your account

Log in with GOOGLE


If you do not have an external account, but do have a local account, you can still log in:

  1. Home
  2. MARC view: Parts /
Normal view MARC view ISBD view

Parts / (Record no. 113615)

[ view plain ]
MARC details
000 -LEADER
fixed length control field 00398nam a2200157 a 4500
001 - CONTROL NUMBER
control field 4111
005 - DATE AND TIME OF LATEST TRANSACTION
control field 20140414132030.0
008 - FIXED-LENGTH DATA ELEMENTS--GENERAL INFORMATION
fixed length control field 090202s19uu xx 00 eng d
020 ## - INTERNATIONAL STANDARD BOOK NUMBER
International Standard Book Number 0-439-04292-5
050 ## - LIBRARY OF CONGRESS CALL NUMBER
Classification number TR
Item number P24 1999
100 ## - MAIN ENTRY--PERSONAL NAME
Personal name Arnold, Tedd
245 ## - TITLE STATEMENT
Title Parts /
Statement of responsibility, etc Tedd Arnold.
260 ## - PUBLICATION, DISTRIBUTION, ETC. (IMPRINT)
Place of publication, distribution, etc New York :
Name of publisher, distributor, etc Scholastic,
Date of publication, distribution, etc c1999.
300 ## - PHYSICAL DESCRIPTION
Extent 1 v. (unpaged) : col., ill. ;
Holdings
Withdrawn status Lost status Damaged status Use restrictions Home library Current library Shelving location Date acquired Source of acquisition Cost, normal purchase price Total Checkouts Full call number Barcode Date last seen Price effective from Koha item type
        Munich Library Munich Library Teachers Reference Section 02/02/2009   145.00   TR P24 1999 M5212 04/14/2014 04/14/2014 Books

Parts /

APA

Arnold T., . (1999). Parts. New York: Scholastic.

Chicago

Arnold Tedd, . 1999. Parts. New York: Scholastic.

Harvard

Arnold T., . (1999). Parts. New York: Scholastic.

MLA

Arnold Tedd, . Parts. New York: Scholastic. 1999.

  • Place hold
  • Print
  • Cite
  • Add to your cart (remove)
  • Save record
    BIBTEX Dublin Core MARCXML MARC (non-Unicode/MARC-8) MARC (Unicode/UTF-8) MARC (Unicode/UTF-8, Standard) MODS (XML) RIS
  • More searches
    Search for this title in:
    Other Libraries (WorldCat) Other Databases (Google Scholar) Online Stores (Bookfinder.com) Open Library (openlibrary.org)

Exporting to Dublin Core...

SOUTHVILLE LIBRARY

Southville International School and Colleges Library

1281 Tropical Ave. Cor. Luxembourg St., BF Homes International, Las Pinas City

Tel. No. 8256374 / 252358 Loc. 117/146

Powered by Koha